Statistics for Στοιχεία του Περιοδικού Πίνακα

Click here to take the quiz!

General Stats

  • This quiz has been taken 84 times
  • The average score is 30 of 118

Answer Stats

Answer% Correct
Οξυγόνο
93%
Υδρογόνο
89%
Νάτριο
85%
Κάλλιο
82%
Άνθρακας
80%
Μαγνήσιο
76%
Ήλιο
75%
Άζωτο
73%
Άργυρος
73%
Σίδηρος
71%
Χρυσός
71%
Μαγγάνιο
69%
Ασβέστιο
69%
Χαλκός
69%
Θείο
64%
Χλώριο
56%
Ψευδάργυρος
53%
Λίθιο
53%
Φώσφορος
53%
Αργό
51%
Νέον
51%
Πυρίτιο
49%
Μόλυβδος
49%
Φθόριο
47%
Ιώδιο
44%
Βρώμιο
44%
Κασσίτερος
42%
Βάριο
40%
Ράδιο
40%
Υδράργυρος
40%
Βόριο
40%
Θόριο
38%
Τιτάνιο
35%
Ουράνιο
35%
Νικέλιο
35%
Χρώμιο
35%
Μολυβδένιο
31%
Αργίλιο
31%
Γερμάνιο
31%
Ξένο
29%
Γάλλιο
29%
Κοβάλτιο
27%
Ρουβίδιο
27%
Λευκόχρυσος
25%
Βηρύλλιο
25%
Κάδμιο
25%
Κρυπτό
22%
Αρσενικό
22%
Πολώνιο
20%
Σελήνιο
20%
Πλουτώνιο
20%
Κιούριο
18%
Ραδόνιο
18%
Ακτίνιο
18%
Ζιρκόνιο
18%
Στρόντιο
18%
Καίσιο
16%
Αϊνσταΐνιο
16%
Σκάνδιο
15%
Παλλάδιο
15%
Νιόβιο
13%
Βολφράμιο
13%
Λανθάνιο
13%
Αμερίκιο
13%
Μπόριο
13%
Βανάδιο
13%
Βισμούθιο
13%
Άστατο
13%
Ύτριο
11%
Καλιφόρνιο
11%
Ιρίδιο
11%
Ρόδιο
11%
Τεχνήτιο
9%
Ίνδιο
9%
Αντιμόνιο
9%
Ποσειδώνιο
9%
Δημήτριο
9%
Κοπερνίκιο
7%
Φέρμιο
7%
Νομπέλιο
7%
Νεοδύμιο
7%
Ρουθήνιο
7%
Τελλούριο
7%
Νιχόνιο
5%
Σαμάριο
5%
Ευρώπιο
5%
Τέρβιο
5%
Έρβιο
5%
Θάλλιο
5%
Υττέρβιο
5%
Φράνκιο
5%
Τενέσιο
5%
Ρήνιο
5%
Όσμιο
5%
Ραδερφόρντιο
4%
Μοσκόβιο
4%
Νταρμστάντιο
4%
Χάσιο
4%
Λιβερμόριο
4%
Σιμπόργκιο
4%
Προμήθειο
4%
Πρασινοδύμιο
4%
Δυσπρόσιο
4%
Ταντάλιο
4%
Άφνιο
4%
Πρωτακτίνιο
4%
Όλμιο
4%
Μπερκέλιο
4%
Μεντελέβιο
4%
Ογκανέσσιο
4%
Γαδολίνιο
2%
Μαϊτνέριο
2%
Λωρένσιο
2%
Ρεντγκένιο
2%
Θούλιο
2%
Φλερόβιο
2%
Λουτήτιο
2%
Ντούμπνιο
2%

Score Distribution

Percentile by Number Answered

Percent of People with Each Score

Your Score History

You have not taken this quiz